00222nam a22000977a 4500082001200000100001600012245003900028260003600067300000800103650001300111 a954 MAT aMathew K.S  aMartine Trade of the Malabar Coast aDelhibManohar Publishersc2016 a432 aHistory